01176nam a2200313Ia 4500003000500000005001700005008004100022020003000063040002300093082001500116100005700131111003400188245011400222250001200336260004300348300005700391504005800448521001000506600005600516650004000572651001700612654003000629655002200659658001300681662002900694700006500723700004000788711003400828322820260421140722.0210818s9999 xx 000 0 und d a9781868 729517qPaperback aRDAbENGLISHc3228 0a398.2 STEW a STEWART, Dianne Cape Town, 2004 d2024.eAuthor. aBible Society of South Africa 0aThe zebra's stripes and other African animal tales cretold by Dianne Stewart ; illustrated by Kathy Pienaar. a1st ed. aCape Town: bStruik Publishers,c2004. a 143 pagesbColuor illustrations, coluor mapc 23 cm a Includes bibliographical references (pages 142-143). aAdult 0a STEWART, Dianne Cape Town, 2004 1st ed d2004. 0aZebrasvJuvenile literaturezAfrica 0aSouth Africa aTales—AfricazCape Town 0aAdult Non-Fiction aFolklore aCape Town (South Africa) a STEWART, Dianne Cape Town, 2004 1st ed d2004.eAuthor. aPienaar, Kathyd2004.eIllustrator. aBible Society of South Africa